000 00588nam a2200205 a 4500
001 12123
003 CO-ViMGA
008 141112s2004 ck r 000 u spa d
020 _a8420681229
040 _aCO-ViMGA
_bspa
_cCO-ViMGA
082 0 4 _a658.5 L17m
100 1 _aLarrañeta, Juan
_917178
245 1 0 _aMetodos Modernos de gestión de la producción
260 _aMadrid,
_cAlianza Editorial,
_c1988
300 _a483 p.
490 _aAlianza Universidad Textos; 122
650 1 4 _aADMINISTRACION DE LA PRODUCCION
650 1 4 _aADMINISTRACION INDUSTRIAL
_917179
942 _2ddc
_cBK
999 _c23163
_d23163